Estadísticas para Top 10 Países con el Mayor Número de Ovejas

Haz click aquí para tomar la prueba!

Estadísticas generales

  • Esta prueba ha sido tomada 953 veces
  • La puntuación promedio es 5 de 10

Estadísticas de respuestas

# de ovejasPaís% Correcto
202 MChina
90%
63.0 MIndia
80%
72.6 MAustralia
78%
29.8 MNueva Zelanda
65%
33.7 MReino Unido
54%
50.2 MIrán
47%
31.1 MTurquía
43%
29.3 MEtiopía
25%
40.6 MNigeria
24%
39.8 MSudán
21%

Distribución de puntuación

Porcentaje por número respondido

Porcentaje de gente con cada puntuación

Historial de tus puntuaciones

No has tomado esta prueba